Kair - quiz wielokrotnego wyboru - Statystyki

Ogólne statystyki
  • Ten quiz został rozwiązany 609 razy
  • Średni wynik to 5 z 10
Statystyki odpowiedzi
Zagadnienie Odpowiedź % Poprawnych
Na jakiej rzece położony jest Kair? Nil
98%
Zaczynając lot z Kairu i lecąc prosto na północ, do jakiego pierwszego zagranicznego kraju byś dotarł? Turcji
83%
Jaka chrześcijańska wspólnota religijna ma swoją siedzibę w Kairze? Koptyjski Kościół Ortodoksyjny
67%
Które z tych miast znajduje się tuż za rzeką od Kairu? Giza
63%
Która z poniższych osób nigdy nie była w Kairze? Marco Polo
48%
Jaki plac był miejscem głównych protestów podczas "Arabskiej Wiosny" w 2011 r? Plac Tahrir
41%
Jaki jest przydomek Kairu? Miasto tysiąca minaretów
33%
Jaki islamski kalifat miał swoją stolicę w Kairze? Fatymidów
30%
Jaki były sekretarz generalny ONZ urodził się i zmarł w Kairze? Boutros Boutros-Ghali
23%
Kiedy Kair został założony? 969 n.e.
15%
Nie znaleziono quizów pasujących do podanych kryteriów
Rozkład punktacji
Procent ludzi z każdym wynikiem
Percentyl według liczby udzielonych odpowiedzi
Twoja historia wyników
Nie rozwiązałeś tego quizu